| 000 | 00412nam a22001697a 4500 | ||
|---|---|---|---|
| 005 | 20180412112301.0 | ||
| 008 | 160625b xxu||||| |||| 00| 0 eng d | ||
| 020 | _a81-7866-909-9 | ||
| 041 | _aeng | ||
| 082 |
_b10303 _a346.0437 |
||
| 100 |
_aSarava naval, P and Sumathi S _92810 |
||
| 245 | _aBusiness law for Management | ||
| 260 |
_bHPH _c2004 |
||
| 300 | _a48.11 | ||
| 650 |
_aManagement _9241 |
||
| 942 | _cBK | ||
| 999 |
_c4067 _d4066 |
||